000
00290nam a22001337a 4500
008
170525b xxu||||| |||| 00| 0 eng d
020
_a
3528340800
041
_a
GER
080
_a
621.3
100
_a
26
101
_a
IM
245
_a
ELEKTRISCHE MEBTECHNIK
_c
BERGMANN,K
942
_2
udc
_c
BK
999
_c
14210
_d
14210